000 00609nam a2200169 a 4500
001 000034210
005 20200930070853.0
008 110928s1988 dr 000 0 spa d
040 _aDO-SdBNP
_bspa
_cBNPHU
082 _axxxx
_bB794h
100 1 _aBrás, Juan Mari
_98028
245 1 0 _aHostos periodista. /
_cJuan Mari Brás.
260 _aRio Piedra, Puerto Rico :
_bComité del Sesquicentenario de Eugenio María de Hostos,
_c1988.
300 _a12 p. ;
_c23 cm.
490 1 _aCuadernos hostosianos
_v1
_aSerie 1 conferncias y ensayos
830 0 _aCuadernos hostosianos
_v1
_pSerie 1 conferncias y ensayos
_959630
999 _c33701
_d33701